| 000 | 01047cam a22003014a 4500 | ||
|---|---|---|---|
| 001 | 15313384 | ||
| 003 | OSt | ||
| 005 | 20140310182528.0 | ||
| 008 | 080603s2008 moua bfe 001 0 eng | ||
| 010 | _a 2008530088 | ||
| 020 | _a9781416037040 | ||
| 040 |
_aDLC _cDLC _dDLC |
||
| 050 | 0 | 0 |
_aRB 38.2 _b.C521 2008 |
| 100 |
_aCynthia C. Chernecky _99613 |
||
| 245 | 0 | 0 |
_aLaboratory tests and diagnostic procedures / _cedited by Cynthia C. Chernecky, Barbara J. Berger. |
| 250 | _a5th ed. | ||
| 260 |
_aSt. Louis, Mo. : _bSaunders/Elsevier, _cc2008. |
||
| 300 |
_a1215 p. : _bill. ; _c23 cm. |
||
| 504 | _aIncludes bibliographical references and index. | ||
| 650 | 0 |
_aDiagnosis, Laboratory _vHandbooks, manuals, etc. _99614 |
|
| 650 | 0 |
_aDiagnosis, Laboratory _vEncyclopedias. _99615 |
|
| 700 | 1 |
_aChernecky, Cynthia C. _99616 |
|
| 700 | 1 |
_aBerger, Barbara J. _99617 |
|
| 906 |
_a7 _bcbc _corigcop _d2 _encip _f20 _gy-gencatlg |
||
| 942 |
_2lcc _cSSLC |
||
| 999 |
_c14103 _d14103 |
||